Espanjan La Ligan voittaneet joukkueet - Statistics

Yleistilastot
  • Tätä visaa on pelattu 39 kertaa
  • Keskiarvotulos 6 / 9
Vastaustilastot
Mestaruudet Joukkue % Oikein
36 Real Madrid
100%
28 FC Barcelona
97%
11 Atlético Madrid
88%
1 Sevilla
76%
6 Valencia
71%
1 Real Betis
59%
8 Athletic Bilbao
41%
2 Real Sociedad
38%
1 Deportivo de La Coruña
9%
Ehtoja vastaavia visoja ei löytynyt
Tulosjakauma
Jokaisen tuloksen saaneiden osuus
Persentiili vastausten määrän mukaan
Tuloshistoriasi
Et ole pelannut tätä visaa